000 00680nam a2200241 a 4500
001 0001-1083
003 ELIB.Books
008 150114 2010 eng
020 _a0817011716
035 _a(ELIB.Books)0001-1238
092 _a262
_bMar
100 _aMaring, Norman H.
245 _aA Baptist Manual of Polity and Practice
_b(Revised Edition) Second Revised Edition
260 _aValley Forge
_bJudson Press
_c1997
300 _a286
_c21.5 Cm
500 _aC/o Moe Lwai
650 _aBaptist-Government
856 _nKBTS; Library
_uKBTS; Elib.
942 _2ddc
_cBK
990 _a3
998 _cbat
_e2015-01-14
_mcat
_u2019-07-03
999 _c11083
_d11083